Lúštenie konkrétnych historických šifier

Saved in:
Bibliographic Details
Main Author: Machovec, Jakub (Author)
Other Authors: Antal, Eugen (Thesis advisor)
Format: Manuscript Book
Language:Slovak
Published: 2018
Subjects:
Online Access:http://is.stuba.sk/zp/portal_zp.pl?podrobnosti=123337
Tags: Add Tag
No Tags, Be the first to tag this record!

MARC

LEADER 00000ntm a22000003a 4500
001 stuzp66551
003 SK-STU
005 20181128121716.5
007 ta
008 150427s2015----xo-----f-mn---000-0-slo-d
040 |a STU  |b slo 
041 0 |a slo 
044 |a xo 
100 1 |a Machovec, Jakub  |u 035000  |4 aut  |U FEI Fakulta elektrotechniky a informatiky  |T FEI Ústav informatiky a matematiky  |X 80016  |U E050  |Y 816  |7 80016 
242 0 1 |a Solving Selected Historical Ciphers  |y eng 
245 1 0 |a Lúštenie konkrétnych historických šifier 
260 |c 2018 
300 |a 61 s., príl.,  |b CD-ROM 
650 4 |a Java  |2 eng 
650 4 |a brute force attack  |2 eng 
650 4 |a historical cipher  |2 eng 
650 4 |a cryptogram  |2 eng 
650 4 |a Marie Antoinette  |2 eng 
650 4 |a Mária Antoinetta  |2 slo 
650 4 |a Java  |2 slo 
650 4 |a útok hrubou silou  |2 slo 
650 4 |a historická šifra  |2 slo 
650 4 |a kryptogram  |2 slo 
700 1 |a Antal, Eugen  |u 035000  |k Z1  |4 ths  |U FEI Fakulta elektrotechniky a informatiky  |T FEI Ústav informatiky a matematiky  |X 36087  |U E050  |Y 816  |7 A000036087 
856 4 |u http://is.stuba.sk/zp/portal_zp.pl?podrobnosti=123337 
996 |b 284ER02770  |c E*Bc- 2770  |l EE35  |s P  |a 0  |w stuzp66551_0001